000 02579nam a2200409 i 4500
001 196346
003 ES-MaACL
005 20250720063112.0
008 240917s2023 sp | |||| 000 f spa
015 _aMON23
017 _aB 1335-2023
_bOficina Depósito Legal Barcelona
020 _a9788419620101
035 _a(SpMaBN)a7335011
040 _aSpMaBN
_bspa
_cSpMaBN
_erda
_dES-MaACL
080 _a821.131.1-31"19"
100 _aDelizzos, Fabio,
_d1969-
_9238756
_eaut
240 1 3 _aIl cacciatore di libro proibiti
_lEspañol
245 1 3 _aEl cazador de libros prohibidos /
_cFabio Delizzos ; traducción de Juan Carlos Postigo Ríos
250 _aPrimera edición: mayo de 2023
264 1 _aBarcelona :
_bNewton Compton Editores,
_c2023.
264 4 _c©2023
300 _a380 páginas ;
_c22 cm
336 _aTexto
_2rdacontent
337 _asin mediación
_2rdamedia
338 _avolumen
_2rdacarrier
520 _aPablo IV, el pontífice que publicó el primer Índice de libros prohibidos, exhala su último suspiro. La Ciudad Eterna despierta en medio de una profanación y una brutalidad nunca antes vista mientras asombrosos sucesos sin precedentes tienen lugar en las soberbias calles romanas. Si bien parece que nadie toma consciencia de estos últimos acontecimientos, el cardenal camarlengo encarga a Raphael Dardo, un agente secreto del duque Cosme I de Médici, que dirija una investigación alrededor de estos hechos. Para recuperar su libertad y salvar su vida, Raphael tendrá que resolver el caso antes de que dé comienzo el cónclave que elegirá al nuevo pontífice. Con la ayuda de un brillante alquimista, dos hermosas y astutas cortesanas, e incluso el gran maestro Miguel Ángel, Raphael inicia una búsqueda que lo llevará tras la pista de un libro: el más antiguo, singular, misterioso y peligroso que jamás se haya escrito. Los pocos que saben de su existencia lo llaman Códice de los Milagros, y guardan sus secretos a toda costa...
655 7 _aNovelas de suspense
_9234410
655 7 _aNovelas históricas
_2tgfbne
_9226782
700 1 _aPostigo Ríos, Juan Carlos
_etrl
_9238757
852 _aES-MaACL
_cDEPOJ
_jN-10117
_9206246
_hDonación: José Lázaro García
_xEncuadernación cartoné con sobrecubierta
_g"Lázaro 2023"
903 _9234219
_aLázaro García, José
_ednr
942 _cMONOGRAFIA
_n0
999 _c196346
_d196346